Zaboor-e-Ajam /زبور عجم (Urdu) / (Record no. 186093)
[ view plain ]
| 000 -LEADER | |
|---|---|
| fixed length control field | 00384 a2200157 4500 |
| 003 - CONTROL NUMBER IDENTIFIER | |
| control field | NUST |
| 005 - DATE AND TIME OF LATEST TRANSACTION | |
| control field | 20230306182042.0 |
| 040 ## - CATALOGING SOURCE | |
| Transcribing agency | Nust |
| 082 ## - DEWEY DECIMAL CLASSIFICATION NUMBER | |
| Classification number | 891.439,IQB |
| 100 ## - MAIN ENTRY--PERSONAL NAME | |
| Personal name | Iqbal |
| 9 (RLIN) | 17522 |
| 245 ## - TITLE STATEMENT | |
| Title | Zaboor-e-Ajam /زبور عجم (Urdu) / |
| Statement of responsibility, etc. | Muhammad Iqbal |
| 260 ## - PUBLICATION, DISTRIBUTION, ETC. | |
| Place of publication, distribution, etc. | Lahore |
| Name of publisher, distributor, etc. | Ahsan Brother |
| 300 ## - PHYSICAL DESCRIPTION | |
| Extent | 264:p. |
| 650 ## - SUBJECT ADDED ENTRY--TOPICAL TERM | |
| Topical term or geographic name entry element | Urdu Poetry |
| 9 (RLIN) | 751 |
| 942 ## - ADDED ENTRY ELEMENTS (KOHA) | |
| Source of classification or shelving scheme | |
| Koha item type | Book |
| Call number prefix | 891.439,IQB |
| Withdrawn status | Lost status | Source of classification or shelving scheme | Damaged status | Not for loan | Permanent Location | Current Location | Shelving location | Date acquired | Full call number | Barcode | Date last seen | Price effective from | Koha item type | Public note |
|---|---|---|---|---|---|---|---|---|---|---|---|---|---|---|
| Military College of Signals (MCS) | Military College of Signals (MCS) | General Stacks | 12/12/2016 | 891.439,IQB | MCS30246 | 12/08/2016 | 12/12/2016 | Book | Almirah No.65, Shelf No.4 |
